02839nam a22002057a 450000500170000000800410001704000290005808200120008711000480009924200900014724500900023726001220032730001560044950006950060550511770130050600210247754600860249865000320258465000170261620240604123851.0240604k19341939sz a|||f |||| 00| 0 mul d cSandra YazodSandra Yazo04220a0592 aHumanistika Vetenskapssamfundet.bI Uppsala00aEscritos varios de la Real Sociedad de Letras Humanas de Upsala. bTomo 29 [-33]yspa10aSkrifter utgina av Kungl. Humanistika Vetenskapssamfundet. I Uppsala. bBand 29 [-33] aUpsala (Suecia)bAlmqvist & Wiksells Boktryckeri A. B. [Imprenta de Almqvist & Wiksells Boktryckeri A. B.]c1934-1939 a5 volúmenes (28 ; 190, [1] ; 64 ; 66 ; xxiv, 91 ; 40 ; 48 – vi, 309 ; 210 ; 229 -- 231 ; xx, 173 – 384 ; 139 – xv, 592 páginas)c24 x 15 cm aEncuadernación rústica en cartulina. Lomo y tapas impresos con datos de la obra. Anteportada. Portada impresa en una sola tinta; grabado con emblema de la Entidad editora (Real Sociedad de Letras Humanas de Upsala). Texto impreso en una sola columna, con diferentes tipos y tamaños de letras sobre papel satinado. Notas de pie de página. Ilustraciones y grabados. Fotografías. Los 5 volúmenes sin refilar, tapas sucias y bordes deteriorados, algunos rayones menores. V.31, plegable con mapa. V.33, incluye bibliografía. V.29: Tapa delantera empieza a desgarrarse. V.30: primeras hojas, pegadas a tapa delantera. V.32: deterioro en parte inferior de últimas hojas por golpe. 2 aV.29: Retratos y colección fotográfica de la Universidad de Upsala / August Hahr ; El hallazgo de Monedas en Viminacium (hoy Kostolac, Serbia) ; Un Estudio provisional / Erik Gren ; Los viajes de Apolonio de Tiana a la India / Jarl Charpenter ; Transcripción del Códice de astronomía de Olof Luth ; La palatización de K, G, CH en las lenguas eslavas / R. Ekblom ; Las oraciones nominales en Jenofonte / Por Erik Ekman -- V.30: El infinitivo narrativo en las lenguas romances ; Estudio de sintaxis histórica / Alf Lombard ; Contenido y entensión de los conceptos ; Aporte para una teoría de los conceptos / Por Komrad Marc-Wogau ; Federico el Grande y la posteridad ; Estudio historiográfico / Por Hugo Valentin -- V.31: Estudios sobre el gaélico del Condado de Argyll / Nils Holmer ; Laponia ; Un nómada y su vida / H. Grundström ; Diccionario lapón-sueco-alemán para el libro de Anta Pirak Un nómada y su vida / H. Grundström -- V.32: Estaba enseñando [En didáskon] ; La construcción perifrástica en griego / Gudmund Björck -- V.33: El ImperioAustro-húngaro y la crisis de Bosnia (1908-1909) / Georg Wittrock aConsulta en sala aTexto en varios idiomas: Sueco, alemán, francés, inglés, latín y lapón 7aPublicaciones periódicas  7aHumanidades